hollow knight charm locations - Statistics

General Stats
  • This quiz has been taken 73 times
  • The average score is 29 of 46
Answer Stats
Hint Answer % Correct
wayward compass dirtmouth
98%
gathering swarm dirtmouth
96%
stalwart shell dirtmouth
92%
grubberfly's elegy forgotten crossroads
82%
unbreakable heart dirtmouth
80%
unbreakable greed dirtmouth
80%
unbreakable strength dirtmouth
80%
grubsong forgotten crossroads
80%
fragile heart fungal wastes
80%
fragile greed fungal wastes
80%
fragile strength fungal wastes
80%
dashmaster fungal wastes
78%
shaman stone forgotten crossroads
76%
fury of the fallen king's pass
72%
mark of pride mantis village
70%
spell twister soul sanctum
70%
steady body forgotten crossroads
68%
flukenest royal waterways
68%
defender's crest royal waterways
68%
sprintmaster dirtmouth
66%
thorns of agony greenpath
66%
soul catcher ancestral mound
64%
glowing womb forgotten crossroads
64%
baldur shell howling cliffs
62%
soul eater resting grounds
60%
deep focus crystal peak
58%
longnail forgotten crossroads
58%
hiveblood the hive
58%
heavy blow dirtmouth
56%
spore shroom fungal wastes
56%
shape of unn lake of unn
54%
quick slash kingdom's edge
52%
grimmchild dirtmouth
50%
quick focus forgotten crossroads
50%
lifeblood heart forgotten crossroads
50%
void heart the abyss
50%
sharp shadow deepnest
48%
nailmaster's glory dirtmouth
48%
carefree melody dirtmouth
48%
joni's blessing joni's repose
46%
dream wielder resting grounds
44%
lifeblood core the abyss
44%
left white fragment queens gardens
42%
dream shield resting grounds
42%
weaversong weaver's den
42%
right white fragment white palace
40%
No matching quizzes found
Score Distribution
Percent of People with Each Score
Percentile by Number Answered
Your Score History
You have not taken this quiz